000 01481nam a22001817a 4500
008 120203t xxu||||| |||| 00| 0 eng d
020 _a978027370889
050 _bHD58.7.M58
100 _aMullins, Laurie J.
245 _aManagement and organisational behaviour /
_cLaurie J. Mullins
250 _a8th ed.
260 _aHarlow :
_bFinancial Times Prentice Hall,
_c2007.
300 _axxxii, 837 p. :
_bill.;
_c27cm.
505 _aContents: The Organisational settings: The Nature of organisational behaviour -- Approaches to organisation and management -- The Nature and context of organisations -- The Individual: Individual differences and diversity -- The Nature of learning -- Perception and communications -- Work motivation and job satisfaction group, teams and leadsership: The Nature of work groups and teams -- Working in groups and teams -- The Nature of leadership The Nature of management -- The Role of the manager -- Managerial behaviour and effectiveness -- Human resource management -- Structures of orgranisation -- Operational strategy, ethics and responsibilities -- Organisation structures and design -- Patterns of structure and work organisation -- Technology and organisations -- Organisation management: Organisational control and power -- Organisation development, culture and change -- Organisational performance and effectiveness -- Conclusion -- Glossary.
650 _aManagement.
650 _aOrganizational effectiveness.
942 _2lcc
_cBK
999 _c593
_d8093